Desarrollo de un proceso de obtención de ácido láctico a partir de residuos de alimentos tratados por medio de hidrólisis enzimática y fermentación bajo distintos coeficientes carbono-nitrógeno (C/N) y contenido de sólidos totales (TS)

Salvato in:
Dettagli Bibliografici
Autore principale: Rodríguez Gómez, André Arturo, 1990-
Altri autori: Miranda Morales, Bárbara Cristina, 1983- Directora del TFG
Natura: Libro
Lingua:Spanish
Pubblicazione: San José, Costa Rica 2023
Soggetti:
Tags: Aggiungi Tag
Nessun Tag, puoi essere il primo ad aggiungerne!!

MARC

LEADER 00000nam a2200000Ia 4500
003 013646
005 20230612114123.0
008 140114s2023 cr a 000 ||spa d
040 |c cru CEDI 
100 |a  Rodríguez Gómez, André Arturo, 1990-  |9 654 
245 |a Desarrollo de un proceso de obtención de ácido láctico a partir de residuos de alimentos tratados por medio de hidrólisis enzimática y fermentación bajo distintos coeficientes carbono-nitrógeno (C/N) y contenido de sólidos totales (TS) 
260 |a San José, Costa Rica  |c 2023 
500 |a Proyecto de graduación (licenciatura en ingeniería química)--Universidad de Costa Rica. Facultad de Ingeniería. Escuela de Ingeniería Química 
501 |a Directora de Proyecto de Graduación: Bárbara Miranda Morales, Ph.D. 
650 |x FERMENTACION  |x ACIDO LACTICO - PRODUCCION  |x PRECIPITACION (QUIMICA)  |x ANALISIS DE VARIANZA 
700 |9 24  |a Miranda Morales, Bárbara Cristina, 1983-  |d Directora del TFG 
942 |c CEDI  |h TFG 8798  |6 TFG_8798_000000000000000 
999 |c 15372  |d 15372